000 01682cam a22003375a 4500
001 L159407 115873
008 170331s2017 xxk 000 0 eng u
020 _a9781783211906
035 _a(Sirsi) u159407
041 0 _aeng
050 0 4 _a336.21
110 2 _aRoyal Institution of Chartered Surveyors
_94900
245 0 0 _aRating consultancy RICS/IRRV/RSA code of practice
_h[old edition]
250 _a4th ed.
260 _aLondon
_bRICS
_c2017
490 0 _aRICS Code of Practice
520 _aSets out the standards of practice that rating consultants must adopt in all cases where they are seeking instructions or are apporached by a new or existing client in order to improve advice in relation to non-domestic rating matters. It has mandatory applications in relation to rating consultancy work. Effective from 1 April 2017.
520 _aSupersedes 3rd ed. ISBN 9781842195888
520 _aThis code of practice was amended January 2022 to update references to the RICS Rules of Conduct
520 _aSuperseded by 5th edition from 1 June 2024 ISBN 9781783215201
590 _aKA
651 4 _aEngland and Wales
651 4 _aScotland
651 4 _aNorthern Ireland
690 _aFinance and taxation
710 2 _aInstitute of Revenues, Rating and Valuation
_92992
710 1 _aRating Surveyors' Association
_92328
856 4 1 _uhttps://www.rics.org/content/dam/ricsglobal/documents/standards/rating_consultancy_january_2022.pdf
_zRevised 2022 version on RICS.org here
856 4 1 _uhttps://www.isurv.com/downloads/file/7002/rating_consultancy_uk_code_of_practice_4th_edition
_zView original on iSurv (subscription required)
942 _n0
_2ddc
999 _c115873
_d115873